Estadísticas para Países de África

Haz click aquí para intentar la prueba.

Estadísticas generales

  • Esta prueba ha sido intentada 1.409 veces
  • La puntuación promedio es 40 de 54

Estadísticas de respuestas

País% Correcto
Egipto
93%
República del Congo
90%
República Democrática del Congo
90%
Argelia
89%
Marruecos
89%
Sudáfrica
88%
Angola
86%
Níger
86%
Madagascar
84%
Nigeria
84%
Sudán
82%
Etiopía
81%
Guinea
81%
Libia
81%
Kenia
79%
Zambia
79%
Camerún
78%
Chad
78%
Ghana
78%
Somalia
78%
Guinea Ecuatorial
77%
Malí
77%
Túnez
77%
Costa de Marfil
76%
Mauritania
76%
Ruanda
76%
Tanzania
76%
Uganda
76%
Zimbabue
76%
Sudán del Sur
75%
Togo
74%
Cabo Verde
73%
Senegal
73%
Lesoto
72%
Liberia
72%
Mozambique
71%
República Centroafricana
71%
Namibia
69%
Sierra Leona
69%
Gambia
67%
Mauricio
67%
Eritrea
66%
Benín
65%
Botsuana
63%
Suazilandia
63%
Burundi
62%
Gabón
62%
Guinea-Bissau
61%
Burkina Faso
60%
Comoras
56%
Seychelles
56%
Yibuti
53%
Malaui
50%
Santo Tomé y Príncipe
45%

Distribución de puntuación

Porcentaje por número respondido

Porcentaje de gente con cada puntuación

Historial de tus puntuaciones

No has intentado esta prueba.